000 00360pam a2200157a 44500
008 230515b1983 xxu||||| |||| 00| 0 eng d
020 _aNULL
041 _aENGLISH
082 _a630
100 _a8-1983
245 _aSPECIFICATION FOR HIGH HEAT DUTY ARECLAY REFRACTORIESS
250 _a0
260 _aDELHI
_bISI
_c1983
300 _a13
650 _aNULL
999 _c652162
_d652162